| 000 | 01533nam a22003017a 4500 | ||
|---|---|---|---|
| 003 | DO-SdBNP | ||
| 005 | 20180313144654.0 | ||
| 008 | 160509b 2000 dr 00| 0 spa d | ||
| 040 |
_aBPMSU _bspa _cBPMSU |
||
| 082 | 4 |
_a372.5 _bL816e, 1er. [200-] |
|
| 100 | 1 | _aLockhart, María Soledad | |
| 245 | 1 | 0 |
_aEducación artística 1 / _cMaría Soledad Lockhart ; edición José Molinaza ; ilustraciones Luis E. Reyes Guzmán |
| 260 |
_aSanto Domingo : _bSecretaría de Estado de Educación ; _c2000. _g(reimpresión, 2016) |
||
| 300 |
_a152 p. : _bils. ; _c27 cm. |
||
| 500 | _aLa biblioteca posee la reimpresión del 2013 | ||
| 505 |
_tJuega conmigo -- _tSoy único. Soy única -- _tAngelita y Popi visitan a Tata, la vaca -- _tEl escondido -- _tEl espejo -- _tLa forma escondida. ¿Qué será? -- _tLa gallinita ciega -- _tLa navidad -- _tAngelita y Popi viajan en el espacio -- _tRoba la gallina .... -- _t"Observa "-- _tEl juego de las especies protegidas -- _tEl tesoro escondido -- _tLos títeres hacen T. V.. |
||
| 650 | 4 |
_aARTE _xENSEÑANZA BÁSICA |
|
| 650 | 4 |
_aARTE _xENSEÑANZA _xESTUDIOS Y EJERCICIOS |
|
| 650 | 4 |
_aARTE _xENSEÑANZA _xLIBROS DE TEXTOS |
|
| 650 | 4 |
_aARTE _xENSEÑANZA _xEDUCACIÓN PRIMARIA |
|
| 650 | 4 |
_aEDUCACIÓN PRIMARIA _zREPÚBLICA DOMINICANA |
|
| 700 | 1 | 2 |
_aReyes Guzmán, Luis E., _eil. |
| 700 | 1 | 2 |
_aMolinaza, José, _eed. |
| 910 | _aValidado. Control de calidad MFF | ||
| 942 |
_2ddc _cBK |
||
| 945 | _ainventariado, 2018 / DG Remanejada para la BNPHU 2018 / BT | ||
| 956 |
_aBTAVÁREZ _b10 _c20160509 _dBPMSU _f0038 |
||
| 999 |
_c10047 _d10047 |
||